000
00411nam a22001697a 4500
003
MPLRDC
005
20220104144357.0
008
210129b ||||| |||| 00| 0 eng d
082
_a
411.12 HYL
100
_a
侯英林编著
245
_a
气功的奥秘和修练
_c
250
_a
初版
260
_a
_b
艺美图书公司
_c
1981
300
_b
平
650
_a
呼吸法--气功
942
_c
BK
_o
411.12 HYL
999
_c
49029
_d
49019